Film français : Ne nous fâchons pas ! - Statistiques

Statistiques générales
  • Ce quiz a été pris 14 fois
  • Le résultat moyen est 15 sur 20
Statistiques - réponses
Questions Réponses % Correct
Acteur qui joue le rôle de Léonard Michalon. Jean Lefebvre
100%
Acteur qui joue le rôle d'Antoine Beretto. Lino Ventura
100%
Dialoguiste du film. Michel Audiard
100%
Acteur qui joue le rôle de Jef. Michel Constantin
100%
Actrice qui joue le rôle d'Églantine, l'épouse légitime de Léonard Michalon. Mireille Darc
100%
Acteur et ancien cycliste professionnel qui tient un petit rôle de voyou dans ce film. André Pousse
92%
Grade par lequel est connu l'Anglais, chef d'un gang excentrique et organisateur du braquage d'un énorme convoi d'or, personnage incarné par Tommy Duggan. Le Colonel
92%
Station balnéaire de la Côte d'Azur connue pour son hippodrome à environ treize bornes de Nice où se situe l'intrigue principale du film. Cagnes-sur-Mer
75%
Héros de l'indépendance indienne à propos duquel Beretto dit qu'il a "possédé les Anglais" avec des armes comme la non-violence, la persuasion, la grâce ... Gandhi
75%
Réalisateur du film. Georges Lautner
75%
Pays sur la Méditerranée où Antoine Beretto doit se rendre pour affaire. Monaco
75%
Complétez cette réplique : "J'critique pas l'côté farce mais question __-__, y aurait quand-même à redire". Fair-play
67%
Ville du Roussillon dans laquelle Antoine Beretto tient son commerce de bateaux. Ville qui se situe à 20 bornes de la frontière espagnole et à environ 30 bornes au sud de Perpignan. Collioure
58%
Complétez cette réplique : "À qui la faute, Monsieur le Commissaire, hein. Moi, je roulais tranquillement, doucement, à ma droite et c'est Monsieur qui brûle un stop et qui m'______". Emplâtre
58%
Acteur qui joue le rôle du Commissaire dans cette scène pré-générique et qui sera connu plus tard comme la voix française de Columbo. Serge Sauvion
58%
Complétez cette réplique : "Ben moi, j'aimerais mieux qu'on discute armistice en position de force. Et sans aller jusqu'à l'buter, on pourrait quand-même lui refiler le _____" (terme d'argot qui veut dire la "peur"). Traczir
58%
Compositeur de la bande originale du film. Bernard Gérard
50%
Revue de cinéma dans laquelle Jean-André Fieschi écrivit que le film serait soutenu par un racisme anti-britannique de franchouillards. Il s'agit de la revue où plusieurs années auparavant, avaient écrit en tant que critiques, les futurs réalisateurs de la "Nouvelle vague". Les Cahiers du cinéma
50%
Complétez cette réplique : "Bon, je souligne poliment l'infraction, je _____. Quand cette espèce de possédé commence à me dire un tas de gros mots que je n'ose même pas vous répéter, Monsieur le Commissaire". Souris
50%
Ville de l'arrière-pays niçois à moins de 10 bornes de la précédente. Jadis s'y trouvait le Viaduc du Malvan, détruit par les Allemands pendant la Seconde Guerre mondiale. Il n'en restait plus qu'un pilier au moment du film. Le réalisateur profita de la démolition contrôlée de ce dernier pilier pour tourner une scène mémorable. Vence
50%
Aucun quiz correspondant
Distribution des résultats
% des personnes avec chaque résultat
Percentile par nombre de réponses
Votre historique - résultats
Vous n’avez pas pris ce quiz